Fr. Conceicao Rodrigues College of Engineering

Computers in Medicines (Record no. 21075)

MARC details
000 -LEADER
fixed length control field 00293nam a2200133Ia 4500
100 ## - MAIN ENTRY--PERSONAL NAME
Personal name Lele R.D.
245 ## - TITLE STATEMENT
Title Computers in Medicines
260 ## - PUBLICATION, DISTRIBUTION, ETC.
Name of publisher, distributor, etc. Tata Mc Graw hill
Place of publication, distribution, etc. New Delhi
Date of publication, distribution, etc. 1993
300 ## - PHYSICAL DESCRIPTION
Extent 439
546 ## - LANGUAGE NOTE
Language note ENGLISH
654 ## - SUBJECT ADDED ENTRY--FACETED TOPICAL TERMS
Focus term computers in medicines
942 ## - ADDED ENTRY ELEMENTS (KOHA)
Koha item type Reference Book
Holdings
Withdrawn status Lost status Damaged status Not for loan Collection Home library Current library Shelving location Date acquired Cost, normal purchase price Total Checkouts Full call number Barcode Date last seen Cost, replacement price Price effective from Koha item type
        CRC Fr. Agnel's C.Rodrigues College of Engineering Fr. Agnel's C.Rodrigues College of Engineering   17/03/2023 120.00   6319 17/03/2023 120.00 17/03/2023 Reference Book